Enseñar valores: un nuevo enfoque
Salvato in:
| Autore principale: | |
|---|---|
| Natura: | Libro |
| Lingua: | spagnolo |
| Pubblicazione: |
Madrid
Ministerio de Educación, Cultura y Deporte
2003
Madrid Morata 2003 |
| Serie: | Educación Infantil y Primaria, 39
|
| Soggetti: | |
| Tags: |
Aggiungi Tag
Nessun Tag, puoi essere il primo ad aggiungerne!!
|
MARC
| LEADER | 00000nam a2200000 a 4500 | ||
|---|---|---|---|
| 001 | UCK0245 | ||
| 003 | CL-VaPUC | ||
| 008 | 040924e20030000SP |||||||||||||||||spa|d | ||
| 020 | |a 8471124858 | ||
| 082 | 0 | 4 | |a 370.114 |b HAY |2 21 |
| 100 | 0 | |a Haydon, Graham |e author |9 488153 | |
| 245 | 1 | 0 | |a Enseñar valores: un nuevo enfoque |
| 300 | |a 222 p | ||
| 942 | |c BK | ||
| 945 | |d 20040924 00:00:00 |a cmena | ||
| 260 | |a Madrid |b Ministerio de Educación, Cultura y Deporte |c 2003 | ||
| 260 | |a Madrid |b Morata |c 2003 | ||
| 650 | 0 | |a Educación moral |9 308319 | |
| 650 | 0 | |a Filosofía de la educación |9 258384 | |
| 650 | 0 | |a Valores morales |9 310604 | |
| 583 | |a last modification |c 20130306 09:57:59 |k Rodrigo Vera | ||
| 490 | 0 | |a Educación Infantil y Primaria, 39 | |
| 999 | |c 310733 |d 310731 | ||
| 952 | |0 0 |1 0 |4 0 |6 370_114000000000000_HAY_2003_2003 |7 0 |8 A |9 379668 |a BIBEDU |b BIBEDU |d 2019-11-21 |i 4066057 |o 370.114 HAY 2003 2003 |p 4066057 |r 2019-11-21 |w 2019-11-21 |y BK |k PAR | ||
| 952 | |0 0 |1 0 |4 0 |6 370_114000000000000_HAY_2003_2003 |7 0 |8 A |9 379669 |a BIBEDU |b BIBEDU |d 2019-11-21 |i 4066294 |o 370.114 HAY 2003 2003 |p 4066294 |r 2019-11-21 |w 2019-11-21 |y BK |k EDU | ||
| 952 | |0 0 |1 0 |4 0 |6 370_114000000000000_HAY_2003_2003 |7 0 |8 A |9 379670 |a BIBEDU |b BIBEDU |d 2019-11-21 |i 4719573 |o 370.114 HAY 2003 2003 |p 4719573 |r 2019-11-21 |w 2019-11-21 |y BK |k BME | ||
| 952 | |0 0 |1 0 |4 0 |6 370_114000000000000_HAY_2003_2003 |7 0 |8 A |9 379671 |a BIBEDU |b BIBEDU |d 2019-11-21 |i 4767446 |o 370.114 HAY 2003 2003 |p 4767446 |r 2019-11-21 |w 2019-11-21 |y BK |k EPE | ||